Crown application of the planning acts (Record no. 105482)

MARC details
000 -LEADER
fixed length control field 01727cam a2200301 4500
001 - CONTROL NUMBER
control field ##L133816
008 - FIXED-LENGTH DATA ELEMENTS--GENERAL INFORMATION
fixed length control field 060612n2006 000 0 eng u
020 ## - INTERNATIONAL STANDARD BOOK NUMBER
International Standard Book Number 9780117539686
035 ## - SYSTEM CONTROL NUMBER
System control number (Sirsi) u133816
041 0# - LANGUAGE CODE
Language code of text/sound track or separate title eng
050 04 - LIBRARY OF CONGRESS CALL NUMBER
Classification number 711.1 $2 18
110 1# - MAIN ENTRY--CORPORATE NAME
Corporate name or jurisdiction name as entry element United Kingdom
Subordinate unit Department for Communities and Local Government
9 (RLIN) 4939
245 00 - TITLE STATEMENT
Title Crown application of the planning acts
Medium [electronic resource]
260 ## - PUBLICATION, DISTRIBUTION, ETC.
Place of publication, distribution, etc. London
Name of publisher, distributor, etc. DCLG
Date of publication, distribution, etc. 2006
490 #0 - SERIES STATEMENT
Series statement DCLG Circular
Volume/sequential designation 02/2006
520 ## - SUMMARY, ETC.
Summary, etc. Provides guidance to local planning authorities in England on the changes to the planning system caused by the implementation of the Planning and Compulsory Purchase Act 2004 Part VII Chapter 1 and the associated subordinate legislation. This will apply the planning acts to the Crown which will in general have to apply for planning permission for development in a similar way to others from 7 June 2006. There are some special arrangements mainly concerned with national security and defence, urgency and enforcement together with new permitted development rights and use classes.
590 ## - LOCAL NOTE (RLIN)
Local note IKA200606 NTK
650 24 - SUBJECT ADDED ENTRY--TOPICAL TERM
Topical term or geographic name entry element PLANNING AND COMPULSORY PURCHASE ACT 2004 PART VII
650 24 - SUBJECT ADDED ENTRY--TOPICAL TERM
Topical term or geographic name entry element TOWN AND COUNTRY PLANNING ACT 1990
650 24 - SUBJECT ADDED ENTRY--TOPICAL TERM
Topical term or geographic name entry element PLANNING AND COMPULSORY PURCHASE ACT 2004
650 24 - SUBJECT ADDED ENTRY--TOPICAL TERM
Topical term or geographic name entry element PLANNING (HAZARDOUS SUBSTANCES) ACT 1990
650 24 - SUBJECT ADDED ENTRY--TOPICAL TERM
Topical term or geographic name entry element DCLG CIRCULAR 02/2006
650 24 - SUBJECT ADDED ENTRY--TOPICAL TERM
Topical term or geographic name entry element PLANNING (LISTED BUILDINGS AND CONSERVATION AREAS) ACT 1990
651 #4 - SUBJECT ADDED ENTRY--GEOGRAPHIC NAME
Geographic name England
Chronological subdivision 886-
690 ## - LOCAL SUBJECT ADDED ENTRY--TOPICAL TERM (OCLC, RLIN)
Topical term or geographic name as entry element ENVIRONMENTAL AND LAND CONSULTANCY-PLANNING AND DEVELOPMENT-PLANNING REFORM
856 40 - ELECTRONIC LOCATION AND ACCESS
Uniform Resource Identifier <a href="https://www.communities.gov.uk/index.asp?id=1500477">https://www.communities.gov.uk/index.asp?id=1500477</a>
Public note View the Circular free of charge at www.communities.gov.uk...
942 ## - ADDED ENTRY ELEMENTS (KOHA)
Suppress in OPAC 0
Holdings
Withdrawn status Lost status Source of classification or shelving scheme Damaged status Not for loan Home library Current library Shelving location Date acquired Total Checkouts Full call number Barcode Date last seen Copy number Price effective from Koha item type
    Dewey Decimal Classification     Virtual Virtual Online 12/06/2006   ONLINE PUBLICATION 133816-2001 06/08/2019 1 06/08/2019 Book